Item Asylum modes - Statistics

General Stats
  • This quiz has been taken 37 times
  • The average score is 7 of 10
Answer Stats
Mode % Correct
Free For All
97%
Boss
87%
KIT
83%
Juggernaut
80%
Zombie Survival
70%
Team Deathmatch
67%
Murder
63%
Gun Game
53%
Elimination
50%
Tower Control
40%
No matching quizzes found
Score Distribution
Percent of People with Each Score
Percentile by Number Answered
Your Score History
You have not taken this quiz